|
|
|
|
| LEADER |
00000nam0a2200000 4500 |
| 001 |
34108 |
| 005 |
20231101210219.0 |
| 035 |
|
|
|a (RuTPU)RU\TPU\book\34485
|
| 035 |
|
|
|a BOOK00001136
|
| 090 |
|
|
|a 34108
|
| 100 |
|
|
|a 20011210d1973 km y0rusy50 ca
|
| 101 |
0 |
|
|a rus
|
| 102 |
|
|
|a RU
|
| 105 |
|
|
|a y l 000zy
|
| 200 |
1 |
|
|a Тепловой расчет котельных агрегатов: (нормативный метод)
|f под ред. Н. В. Кузнецова
|
| 205 |
|
|
|a 2-е изд., перераб.
|
| 210 |
|
|
|a Москва
|c Энергия
|d 1973
|
| 215 |
|
|
|a 295 с.
|
| 606 |
1 |
|
|a Котельные установки
|x Тепловой расчет
|2 stltpush
|3 (RuTPU)RU\TPU\subj\16007
|9 42202
|
| 610 |
1 |
|
|a паровые котлы
|
| 610 |
1 |
|
|a котельные агрегаты
|
| 610 |
1 |
|
|a тепловые расчеты
|
| 675 |
|
|
|a 621.1.016
|v 3
|
| 702 |
|
1 |
|a Кузнецов
|b Н. В.
|g Николай Васильевич
|4 340
|
| 801 |
|
0 |
|a RU
|b 63413507
|c 20011210
|g PSBO
|
| 801 |
|
2 |
|a RU
|b 63413507
|c 20201010
|g PSBO
|
| 900 |
|
|
|a Паровые котлы
|
| 900 |
|
|
|a Основы теории горения
|
| 900 |
|
|
|a Моделирование и проектирование парогенерирующих аппаратов
|
| 900 |
|
|
|a Тепло- и парогенерирующие установки и аппараты
|
| 942 |
|
|
|c BK
|